000 00710nam a2200289Ia 4500
005 20260324114331.0
008 008 260324s9999 xx 000 0 eng d
020 _a9781003181385
037 _aEBOOK
040 _aCRL
040 _beng
040 _cCRL
041 _2eng
041 _aeng
084 _qCRL
100 _aMartin Pohl; Veronica Bindi; Mercedes Paniccia
_91150359
245 0 _aCosmic Ray Physics
245 3 _bAn Introduction to The Cosmic Laboratory
260 _bTaylor and Francis
260 _c2023
365 _a
365 _b290
856 _uhttp://www.taylorfrancis.com/books/9781003181385
942 _cEBOOK
999 _c1740481
_d1740481